000 00296nam a22001217a 4500
008 181005b xxu||||| |||| 00| 0 eng d
041 _aeng
080 _a610
100 _a3
101 _aSHM
245 _aThe Spinal Cord Injured Patient Comporehensive Management
_cLee.O
942 _2udc
_cBK
999 _c48912
_d48912